Nghệ thuật viết luận văn : Làm thế nào để chuẩn bị và soạn thảo một luận văn thạc sĩ, một luận án tiến sĩ hoặc các nghiên cứu tại trường đại học trong kỉ nguyên số?

Quyển sách trình bày cách cũng như quy trình để có thể viết một bài luận văn tốt nhất.

Na minha lista:
Detalhes bibliográficos
Autor principal: Beaud, Michel
Formato: Livro
Idioma:Undetermined
Publicado em: Hà Nội Tri thức 2013
Assuntos:
Tags: Adicionar Tag
Sem tags, seja o primeiro a adicionar uma tag!
Thư viện lưu trữ: Trung tâm Học liệu Trường Đại học Cần Thơ
LEADER 01070nam a2200217Ia 4500
001 CTU_210983
008 210402s9999 xx 000 0 und d
020 |c 55000 
082 |a 808.02 
082 |b B371 
100 |a Beaud, Michel 
245 0 |a Nghệ thuật viết luận văn : 
245 0 |b Làm thế nào để chuẩn bị và soạn thảo một luận văn thạc sĩ, một luận án tiến sĩ hoặc các nghiên cứu tại trường đại học trong kỉ nguyên số? 
245 0 |c Michel Beaud ; Nguyễn Phấn Khanh (dịch) ; Hà Dương Tường (Hiệu đính) 
260 |a Hà Nội 
260 |b Tri thức 
260 |c 2013 
520 |a Quyển sách trình bày cách cũng như quy trình để có thể viết một bài luận văn tốt nhất. 
650 |a Viết học thuật,Tu từ học,Academic writing,Rhetoric 
904 |i Trương Thị Kiều Trinh,Hải 
980 |a Trung tâm Học liệu Trường Đại học Cần Thơ